01008nam a2200277Ia 450000500170000000800410001702000150005810000260007324501010009925000190020030000510021953400290027065000510029965000510035065000330040165000360043465000370047070000300050770000300053726400290056733600270059633700330062333800280065604000350068408400110071920220317000710.0160601s2004 sp a g 000 0 spa  a84883425511 aMcBratney, Samd1943-10aTodos sois mis favoritos cSam McBratney ; ilustraciones Anita Jeram ; traducción Esther Rubio a1a. edición  a32 páginas bilustraciones en color c23 cm  tYou are all my favorites142LEMBaCuentos infantiles irlandeses ySiglo XX142LEMBaLiteratura infantil irlandesa ySiglo XX142LEMBaOsos en la literatura 142LEMBaFamilia en la literatura 142LEMBaHermanos en la literatura 1 aJeram, Anitaeilustrador 1 aRubio, Estheretraductor  aMadrid bKókinosc2004 atextobtxt2rdacontent asin mediaciónbn2rdamedia avolumenbnc2rdacarrier aCO-BoRNBPbspaerdacCO-BoRNBP aC MCB1